00692nam a2200181 a 450000100100000000500170001000800410002702000150006804000250008308200080010810000250011624501070014126000550024830000280030350400540033195201080038599900170049300003964920201002033646.0130715s2003 enk 000 0 spa d a0300092539 aDO-SdBNPbspacBNPHU axxx1 aHerzog, Tamar96583610aDefining nations :bimmigrants and citizens in early modern Spain and Spanish America /cTamar Herzog. aNew Haven, London :bYale University Press,c2003. aviii, 325. p. ;c25 cm. aIncluye referencias bibliográficas (p. 275-321) 001050718MOaGRbGRcCTd2013-07-15iLF1l0oxxx p39649-10r2020-06-25w2020-06-25y1ZNo se presta c39139d39139